Statistics for Roman Emperors A-Z

Click here to take the quiz!

General Stats

  • This quiz has been taken 67 times
  • The average score is 10 of 23

Answer Stats

LetterHintAnswer% Correct
AThe first emperorAugustus
98%
HEmperor who built a wallHadrian
92%
CFirst Christian emperorConstantine
90%
NSon of Agrippina the YoungerNero
90%
RLast emperor of the Western Roman EmpireRomulus Augustus
66%
MThe fifth 'Good Emperor' who defeated the Parthian EmpireMarcus Aurelius
60%
VFounder of the Flavian dynastyVespasian
58%
OOverthrew Galba, and was then overthrown by VitelliusOtho
56%
DLast Flavian emperor, assassinated and condemned to oblivionDomitian
54%
JThe 'Apostate' emperorJulian
46%
ESyrian born emperor who preferred to be called the empressElagabalus
44%
BOne of the emperors during the year of the six emperorsBalbinus
32%
QThe only emperor beginning with QQuintillus
30%
GShortest reigning emperors (ruled jointly)Gordian I & Gordian II
26%
FReigned for a few months in 276Florianus
24%
SEmperor who ruled at Rome's military peakSeptimius Severus
24%
LFirst of the Eastern Roman EmperorsLeo I
22%
PSon of a freed slave, murdered by the Praetorian GuardPertinax
20%
IThe first female emperor of the Byzantine EmpireIrene of Athens
20%
TLongest reigning emperorTheodosius II
18%
ZEastern emperor who saw the end of the Western EmpireZeno
12%
KNoble family who ruled Byzantine Empire from 1081 to 1185Komnenos
10%
UThe only female to rule the Western Roman EmpireUlpia Severina
4%

Score Distribution

Percentile by Number Answered

Percent of People with Each Score

Your Score History

You have not taken this quiz